| 000 | 00521nam a2200181 a 4500 | ||
|---|---|---|---|
| 005 | 20230602063659.0 | ||
| 008 | 991125s1976 mx 000 0 spa u | ||
| 035 | _aUPN01000025409 | ||
| 049 | _aCG | ||
| 050 | 4 |
_aPQ7297 L42 _bA3.3 |
|
| 100 | 1 |
_aLeñero, Vicente, _d1933- |
|
| 245 | 1 | 0 |
_aA fuerza de palabras / _cVicente Leñero. |
| 260 |
_aMéxico : _bGrijalbo, _c1976. |
||
| 300 | _a143 p. | ||
| 600 | 1 | 4 |
_aLEÑERO, VICENTE, _d1933- - _xCRITICA E INTERPRETACION _922402 |
| 650 | 4 |
_aNovela mexicana _94557 |
|
| 905 | _aLibro | ||
| 999 |
_c25409 _d25409 |
||